000 00650nam a2200205 a 4500
005 20210223123824.0
008 991125n 000 0 spa u
035 _aUPN01000070777
100 _aCARBONELL SEBARROJA, Jaume
_941795
222 _aREVISTA DE EDUCACION
245 _aDe la Ley General de Educación a la alternativa de escuela pública : algunas notas introductorias sobre los movimientos sociales en el sector de la enseñanza
300 _a237-255
362 _a1992
653 0 _aEDUCACION PUBLICA
653 0 _aESPAÑA
653 0 _aLGE
653 0 _aSISTEMA EDUCATIVO NACIONAL
904 _aAC
_b008588
905 _aArticulo
999 _c65496
_d65496